Observations on dry bark of rubber (Hevea) (Record no. 64274)

MARC details
000 -LEADER
fixed length control field 00458nam a2200181Ia 4500
100 ## - MAIN ENTRY--AUTHOR NAME
Personal name Washington S
245 #0 - TITLE STATEMENT
Title Observations on dry bark of rubber (Hevea)
260 ## - PUBLICATION, DISTRIBUTION, ETC. (IMPRINT)
Name of publisher CNEARC, Montepellier
Year of publication 1990
300 ## - PHYSICAL DESCRIPTION
Number of Pages 88p
500 ## - GENERAL NOTE
General note Source Year: 1993
650 ## - SUBJECT ADDED ENTRY--TOPICAL TERM
Topical Term functional disorders
650 ## - SUBJECT ADDED ENTRY--TOPICAL TERM
Topical Term Hevea brasiliensis
650 ## - SUBJECT ADDED ENTRY--TOPICAL TERM
Topical Term Plant disease
650 ## - SUBJECT ADDED ENTRY--TOPICAL TERM
Topical Term Tapping
856 ## - ELECTRONIC LOCATION AND ACCESS
Uniform Resource Identifier ATA
942 ## - ADDED ENTRY ELEMENTS (KOHA)
Koha item type Journals
Holdings
Withdrawn status Lost status Damaged status Not for loan Home library Current library Shelving location Date acquired Koha item type
      Journals RRII Library RRII Library Physiology 17/12/2021 Journals